| 000 | 01182nam a2200313 c 4500 | ||
|---|---|---|---|
| 003 | BLK | ||
| 005 | 20200812150105.0 | ||
| 008 | 180413b bul|||||r ||||||| ||bul|| | ||
| 010 | _aKNG00019406000 | ||
| 020 |
_a954-9559-17-3 _bиздат.: Захарий Стоянов |
||
| 040 | _aBLK | ||
| 041 |
_aBUL _cBUL |
||
| 080 |
_aБългарска литература _b821.163.2 _x-1 _z821.163.2-1 |
||
| 100 | 1 |
_aГеров, Александър Цветков _eпърви автор _9365150 |
|
| 139 |
_aГеров, Александър Цветков _bГ 41 |
||
| 245 | 1 | 0 |
_aХора и звезди _bЛирика _cАлександър Цветков Геров. |
| 257 | _aBGR | ||
| 260 |
_аСофия _bЗахарий Стоянов _c1997 |
||
| 300 |
_a350 с. _c20 см |
||
| 380 | _aX | ||
| 490 | 1 | _aСъвременна българска поезия | |
| 500 | _aОфс. изд. - 2 500 тир. ; 500 екз. от тир. подв. | ||
| 653 | _aстихотворения | ||
| 852 | _aЦб 194911 | ||
| 856 | 4 |
_qpdf _u |
|
| 856 | 4 |
_qpdf _u |
|
| 942 |
_cKNG _n0 _03 |
||
| 944 |
_aCR _c15.01.2003 _kЛюдмила_Стоянова |
||
| 944 |
_aED _c15.02.2018 _kВаля_Йорданова |
||
| 999 |
_c17459 _d17459 |
||